Claustro Pleno Ordinario 1995. Presentaciones de participantes
Αποθηκεύτηκε σε:
| Συγγραφή απο Οργανισμό/Αρχή: | |
|---|---|
| Μορφή: | Βιβλίο |
| Γλώσσα: | Ισπανικά |
| Έκδοση: |
Valparaíso
Universidad Católica de Valparaíso
1995
|
| Έκδοση: | 1a. ed |
| Θέματα: | |
| Ετικέτες: |
Προσθήκη ετικέτας
Δεν υπάρχουν, Καταχωρήστε ετικέτα πρώτοι!
|
MARC
| LEADER | 00000nam a2200000 a 4500 | ||
|---|---|---|---|
| 001 | UCJ5220 | ||
| 003 | CL-VaPUC | ||
| 005 | 20230710094711.0 | ||
| 008 | 070124e19950512CL |||||||||||||||||spa|d | ||
| 999 | |c 321333 |d 321331 | ||
| 040 | |c Pontificia Universidad Católica de Valparaíso | ||
| 082 | 0 | 4 | |a 378 |b UCV |2 21 |
| 110 | 2 | |a Universidad Católica de Valparaíso |e author |9 510128 | |
| 245 | 1 | 0 | |a Claustro Pleno Ordinario 1995. Presentaciones de participantes |
| 250 | |a 1a. ed | ||
| 260 | |a Valparaíso |b Universidad Católica de Valparaíso |c 1995 | ||
| 300 | |a pág. irreg | ||
| 583 | |a last modification |c 20070124 00:00:00 |k Rodrigo Vera | ||
| 600 | 0 | 7 | |a CLAUSTRO PLENO 1995 |2 CL-VaPUC |9 510129 |
| 600 | 0 | |a Alvarado Quiroga, Fernando |e ¿-2023 |9 514602 | |
| 600 | 0 | 7 | |a JORQUERA ARAYA, RAMON |2 CL-VaPUC |9 510131 |
| 600 | 0 | 7 | |a Mendoza Valdebenito, Jorge Eduardo |9 864860 |
| 600 | 0 | 7 | |a SEPULVEDA LAGOS, JORGE |2 CL-VaPUC |9 510133 |
| 600 | 0 | 7 | |a CRUZ COVARRUBIAS, CARLOS ALBERTO |2 CL-VaPUC |9 510134 |
| 650 | 0 | |a Universidades chilenas |9 407335 | |
| 650 | 0 | |a Archivo histórico PUCV |9 255554 | |
| 942 | |c BK |2 ddc | ||
| 945 | |d 20070124 00:00:00 |a rinostro | ||
| 952 | |0 0 |1 0 |4 0 |6 378_000000000000000_UCV_1995 |7 0 |8 X |9 400045 |a FDOBUD |b FDOBUD |d 2019-11-22 |i 1031430 |o 378 UCV 1995 |p 1031430 |r 2019-11-22 |w 2019-11-22 |y BK_X |k FHP | ||